01345cam a22003617a 4500003000500000005001700005008004100022010001000063011001000073035001000083040000900093090001000102100004300112245011800155260003900273300001100312502011000323590003700433590004100470590004100511590004100552590004200593650003200635650003600667650001800703650002900721901000700750905003000757942001000787949004200797999001700839952012700856CHAP20220329142049.0990520d1999 mx r 00110 spa d a77863 a78835 a88936 cCHAP aTesis00aDurán Fernández, Alejandro.93467610aEstructura y etnobotánica de la selva alta perennifolia de Nahá, Chiapasc/ por Alejandro Durán Fernández aMéxico, D.F. :bEl autor,c1999. a130 h. aTesis (M.C. Esp. en Biología Vegetal) -- UNAM. Facultad de Ciencias. División de Estudios de Posgrado aALEPHb10c20130110lUCH01h1429 aBATCH-UPDb10c20130110lUCH01h0756 aBATCH-UPDb10c20130410lUCH01h0435 aBATCH-UPDb10c20130914lUCH01h0737 aCONVERSIONb10c20130109lUCH01h134314aBotánicazChiapas.91463914aEtnobotánicaxChiapas.93861614aRoza.910041314aSelva Lacandona.9103818 aBK aBlanca M. García Ocampo cTESIS bBCcTESd889361eTS1h33965i88936sb c77863d77863 00102local4051708TESISaBCbBCcPA_TESISd2019-12-31fTESISl0oTesisp889361r2019-12-31 00:00:00w2019-12-31yTESIS